Word Ladder: Movie with a Need for Speed Quiz Stats

Quiz Updated Apr 11, 2016

Challenge
Share
Tweet
Embed
Score 0/15 Timer 01:30
0 Plays Today
Clue 3-Letter Word % Correct
★ He plays Maverick: ____ Cruise ★● TOM ●
99.3%
Animal doctor (short form)VET
96.1%
★ He plays Merlin: ____ Robbins ★● TIM ●
94.9%
★ He plays Iceman: ____ Kilmer ★● VAL ●
94.3%
Buddy, chumPAL
93.6%
Very large containerVAT
91.9%
★ She plays Carole: ____ Ryan ★● MEG ●
91.5%
Nickname for an NYC opera houseMET
91.2%
Clue 3-Letter Word % Correct
1940 drama: ____ We Meet Again'TIL
90.5%
Play on wordsPUN
88.1%
Russian fighter aircraftMIG
86%
One thousandth of an inchMIL
85.7%
Greek god of flocks and the wildPAN
85.6%
★ 1986 film: ____ + [last rung] ★● TOP ●
75.5%
★ 1986 film: [first rung] + ____● GUN ●
74.8%

Today's Daily Dose

You're not logged in!

Compare scores with friends on all Sporcle quizzes.
Join for Free
OR
Log In

You Might Also Like...

Show Comments

Extras

Top Quizzes Today


Score Distribution

Your Account Isn't Verified!

In order to create a playlist on Sporcle, you need to verify the email address you used during registration. Go to your Sporcle Settings to finish the process.

Report this User

Report this user for behavior that violates our Community Guidelines.

Details: